El comentario de textos. (Record no. 46397)

MARC details
000 -LEADER
campo de control de longitud fija 00691nam a2200205 i 4500
001 - NÚMERO DE CONTROL
campo de control 46397
003 - IDENTIFICADOR DE NÚMERO DE CONTROL
campo de control ES-MaACL
005 - FECHA Y HORA DE LA ÚLTIMA TRANSACCIÓN
campo de control 20240527131706.0
007 - CAMPO FIJO DE DESCRIPCIÓN FÍSICA--INFORMACIÓN GENERAL
campo de control de longitud fija t|
008 - DATOS DE LONGITUD FIJA--INFORMACIÓN GENERAL
campo de control de longitud fija 030328s1974 sp |||| | spa d
245 03 - MENCIÓN DEL TÍTULO
Título El comentario de textos.
Número de parte o sección de la obra 2,
Nombre de parte o sección de la obra de Galdós a García Márquez /
Mención de responsabilidad, etc. Aurora de Albornoz, Manuel Criado de Val ; prólogo de Andrés Amorós.
260 ## - PUBLICACIÓN, DISTRIBUCIÓN, ETC.
Lugar de publicación, distribución, etc. [Madrid] :
Nombre del editor, distribuidor, etc. Castalia,
Fecha de publicación, distribución, etc. [1974]
300 ## - DESCRIPCIÓN FÍSICA
Extensión 316 p. ;
Dimensiones 18 cm.
650 04 - PUNTO DE ACCESO ADICIONAL DE MATERIA--TÉRMINO DE MATERIA
Término de materia o nombre geográfico como elemento de entrada Literatura-
Subdivisión general Comentario de textos.
9 (RLIN) 14483
700 0# - ENTRADA AGREGADA--NOMBRE PERSONAL
Nombre de persona Albornoz, Aurora de,
Fechas asociadas al nombre 1926-1990
9 (RLIN) 19411
700 1# - ENTRADA AGREGADA--NOMBRE PERSONAL
Nombre de persona Criado de Val, Manuel.
9 (RLIN) 41605
700 1# - ENTRADA AGREGADA--NOMBRE PERSONAL
Nombre de persona Amorós, Andrés.
9 (RLIN) 21309
852 ## - LOCALIZACIÓN
Ubicación ES-MaACL
Número de control de estantería E-8509
Holdings
Estatus retirado Estado de pérdida Estado de daño No para préstamo Biblioteca de origen Biblioteca actual Ubicación en estantería Fecha de adquisición Fuente de adquisición Total de préstamos Signatura topográfica completa Código de barras Visto por última vez Precio de reemplazo Tipo de ítem Koha
        Biblioteca del Ateneo de Madrid Biblioteca del Ateneo de Madrid Depósito 2 17/01/2008     E-8509 1048797 23/02/2023 23/02/2023 Libro impreso